| 000 | 00785nam a2200193 a 4500 | ||
|---|---|---|---|
| 003 | 0 | ||
| 005 | 20250528072701.0 | ||
| 008 | 050103s19uu xx 00 eng d | ||
| 050 |
_aPHS LB 1050.9 _b.D33 2002 |
||
| 100 | _aDabao, Adrian P. | ||
| 245 |
_aA Comparative study on the dyscalculia cases in grade school and high school students from Southville International School / _cAdrian P. Dabao. |
||
| 260 |
_aLas PiƱas City, Philippines : _bSouthville International School and Colleges, _c2002. |
||
| 300 |
_a132 pages : _billustrations ; _c28 cm. |
||
| 504 | _aIncludes bibliographical references. | ||
| 650 |
_aDyscalculia in children _zPhilippines. |
||
| 650 |
_aLearning disabilities _zPhilippines. |
||
| 650 |
_aCognitive disorders in children _zPhilippines. |
||
| 942 |
_2lcc _cPASS |
||
| 999 |
_c96695 _d96695 |
||